| 000 | 01093cam a2200313 a 4500 | ||
|---|---|---|---|
| 001 | 2445 | ||
| 005 | 20231208104612.0 | ||
| 020 | _a9781592496914 | ||
| 040 |
_aDLC _cDLC _dDLC _beng |
||
| 050 | 0 | 0 | _aPZ8.3 |
| 082 | 0 | 0 | _2398.84 |
| 100 | _aEast, Jacquelin | ||
| 245 | 0 | 0 |
_aHickory dickory dock and other silly-time rhymes / _cillustrated by Jacqueline |
| 250 | _aPirnted in China | ||
| 260 |
_aPalm Pushing _c2007 |
||
| 300 |
_a23 unnumbered pages : _bcolor illustrations ; _c26 cm |
||
| 490 | _3Mother Goose-A Read-Aloud Book | ||
| 500 | _a"A read-aloud book"--Cover. | ||
| 505 | _aG | ||
| 520 | _aMother Goose "SILLY-TIME" program uses engaging music, colorful illustrations and well-loved rhymes to build and strengthen a child's developing motor, listening, visual and verbal skills. | ||
| 521 |
_a350
_bLexile |
||
| 521 |
_aG
_bRaz-Plus |
||
| 650 | 0 | _aNursery rhymes. | |
| 650 | 0 | _aChildren's poetry. | |
| 650 | 1 | _aNursery rhymes. | |
| 700 | 1 |
_aEast, Jacqueline _eillustrator |
|
| 906 |
_a7 _bcbc _corignew _d1 _eecip _f20 _gy-gencatlg |
||
| 942 |
_2ddc _cBK _n0 |
||
| 999 |
_c2445 _d2445 |
||